Catálogo
 En Linea

Carlos Fonseca, tayacán vencedor de la muerte : (Registro nro. 10273)

Detalles MARC
000 -CABECERA
campo de control de longitud fija 00616cam a2200181 a 4500
001 - NÚMERO DE CONTROL
campo de control 000010514
005 - FECHA Y HORA DE LA ÚLTIMA TRANSACCIÓN
campo de control 20200929162237.0
008 - DATOS DE LONGITUD FIJA--INFORMACIÓN GENERAL
campo de control de longitud fija 920102s1983 nq a 000 0bspa
035 ## - NÚMERO DE CONTROL DEL SISTEMA
Número de control de sistema (DLC) 92100311
040 ## - FUENTE DE LA CATALOGACIÓN
Centro catalogador/agencia de origen DO-SdBNP
Lengua de catalogación spa
Centro/agencia transcriptor DLC
Centro/agencia modificador DLC
-- BNPHU
082 ## - NÚMERO DE LA CLASIFICACIÓN DECIMAL DEWEY
Número de clasificación F676c
049 ## - FONDOS LOCALES (OCLC)
Fondos de biblioteca BNGR
245 00 - MENCIÓN DE TÍTULO
Título Carlos Fonseca, tayacán vencedor de la muerte :
Resto del título biografía de Carlos Fonseca.
260 ## - PUBLICACIÓN, DISTRIBUCIÓN, ETC.
Lugar de publicación, distribución, etc. Nicaragua :
Nombre del editor, distribuidor, etc. Departamento de Propaganda y Educación Política del FSLN,
Fecha de publicación, distribución, etc. [1983].
300 ## - DESCRIPCIÓN FÍSICA
Extensión 35 p. :
Otras características físicas il. ;
Dimensiones 21 cm.
610 10 - PUNTO DE ACCESO ADICIONAL DE MATERIA--NOMBRE DE ENTIDAD CORPORATIVA
Nombre de entidad corporativa o nombre de jurisdicción como elemento de entrada Carlos Fonseca Amador,
Fecha del congreso/reunión o de la firma de un tratado 1936-1976.
9 (RLIN) 25519
910 ## - DATOS DE OPCIÓN DEL USUARIO (OCLC)
Datos de opción del usuario Catalogación por copia / LC
Existencias
Estado de retiro Estado de pérdida Restricciones de uso No para préstamo Código de colección Localización permanente Ubicación/localización actual Ubicación en estantería Fecha de adquisición Número de inventario Total de préstamos Signatura topográfica completa Código de barras Fecha visto por última vez Precio válido a partir de Tipo de ítem Koha
        Monografías: Libros y Folletos General General En catalogación 07.10.2009 LF1   F676c 10514-10 25.06.2020 25.06.2020 Préstamo en sala

Con tecnología Koha